Preliminary performance of clones of rubber tree in the region of Sao Jose do Rio Preto - Plateau of the state of Sao Paulo, Brazil (Record no. 65499)

MARC details
000 -LEADER
fixed length control field 00508nam a2200169Ia 4500
100 ## - MAIN ENTRY--AUTHOR NAME
Personal name
245 #0 - TITLE STATEMENT
Title Preliminary performance of clones of rubber tree in the region of Sao Jose do Rio Preto - Plateau of the state of Sao Paulo, Brazil
260 ## - PUBLICATION, DISTRIBUTION, ETC. (IMPRINT)
Name of publisher Bragantia
Year of publication 1993
300 ## - PHYSICAL DESCRIPTION
Number of Pages 119-130
700 ## - ADDED ENTRY--PERSONAL NAME
Personal name Cardoso M
700 ## - ADDED ENTRY--PERSONAL NAME
Personal name Gottardi M V C
700 ## - ADDED ENTRY--PERSONAL NAME
Personal name Martins A L M
700 ## - ADDED ENTRY--PERSONAL NAME
Personal name Mente E M
700 ## - ADDED ENTRY--PERSONAL NAME
Personal name Ortolani A A
942 ## - ADDED ENTRY ELEMENTS (KOHA)
Koha item type Journals
100 ## - MAIN ENTRY--AUTHOR NAME
-- Goncalves P de S
Holdings
Withdrawn status Lost status Damaged status Not for loan Home library Current library Date acquired Serial Enumeration / chronology Koha item type
      Journals RRII Library RRII Library 17/12/2021 Volume 52, Issue 2 Journals